Central Library OPAC University of Rajshahi

গৌরবোজ্জ্ব্ল ঢাকা বিশ্ববিদ্যালয় ১৯২১-২০০০ / (Record no. 47448)

MARC details
000 -LEADER
fixed length control field 01134nam a2200241 a 4500
001 - CONTROL NUMBER
control field 47448
003 - CONTROL NUMBER IDENTIFIER
rucl marc code BD-RjUL
005 - DATE AND TIME OF LATEST TRANSACTION
control field 20211209054321.0
008 - FIXED-LENGTH DATA ELEMENTS--GENERAL INFORMATION
fixed length control field 160808s2001 bg ||||| |||| 00| 0 ben d
020 ## - INTERNATIONAL STANDARD BOOK NUMBER
International Standard Book Number 9843113535
Terms of availability : Tk.275.00
035 ## - SYSTEM CONTROL NUMBER
System control number (BD-RjUL)47567
040 ## - CATALOGING SOURCE
Original cataloging agency BD-RjUL
Language of cataloging ben
Transcribing agency BD-RjUL
Modifying agency BD-RjUL
041 ## - LANGUAGE CODE
Language code of text/sound track or separate title ben
082 ## - DEWEY DECIMAL CLASSIFICATION NUMBER
Edition number 23
Classification number 378.54922
Author mark and year RAG 2001
100 ## - MAIN ENTRY--PERSONAL NAME
Personal name রহমান, সৈয়দ রেজাউর
9 (RLIN) 144295
245 10 - TITLE STATEMENT
Title গৌরবোজ্জ্ব্ল ঢাকা বিশ্ববিদ্যালয় ১৯২১-২০০০ /
Statement of responsibility, etc. সৈয়দ রেজাউর রহমান,
260 ## - PUBLICATION, DISTRIBUTION, ETC. (IMPRINT)
Place of publication, distribution, etc. ঢাকা :
Name of publisher, distributor, etc. মউর,
Date of publication, distribution, etc. ২০০১.
300 ## - PHYSICAL DESCRIPTION
Pagination [১৪],২৮৩ পৃ. :
Illustrations চিত্র ;
Size ২৫ সেমি.
500 ## - GENERAL NOTE
General note ঢাকা বিশ্ববিদ্যালয়ের ইতিহাস ও ঐতিহ্যসমৃদ্ধ তথ্যভিত্তিক গ্রন্থ
650 ## - SUBJECT ADDED ENTRY--TOPICAL TERM
Topical term or geographic name as entry element ঢাকা বিশ্ববিদ্যালয়
Form subdivision ইতিহাস
9 (RLIN) 144296
Topical term or geographic name as entry element University of Dhaka
Form subdivision History.
9 (RLIN) 144297
942 ## - ADDED ENTRY ELEMENTS (KOHA)
Source of classification or shelving scheme Dewey Decimal Classification
Koha item type Books
Holdings
Lost status Source of classification or shelving scheme Damaged status Not for loan Collection code Permanent Location Current Location Shelving location Date acquired Source of acquisition Cost, normal purchase price Total Checkouts Full call number Date last seen Copy number Koha item type
  Dewey Decimal Classification     Non-fiction Central Library, University of Rajshahi Central Library, University of Rajshahi   17/04/2003 Mour, Dhaka. 275.00   B 378.54922 RAG 2001 08/08/2016 C-2 Books
  Dewey Decimal Classification     Non-fiction Central Library, University of Rajshahi Central Library, University of Rajshahi   17/04/2003 Mour, Dhaka. 275.00   B 378.54922 RAG 2001 08/08/2016 C-3 Books
  Dewey Decimal Classification     Non-fiction Central Library, University of Rajshahi Central Library, University of Rajshahi   17/04/2003 Mour, Dhaka. 275.00   B 378.54922 RAG 2001 08/08/2016 C-4 Books
  Dewey Decimal Classification     Non-fiction Central Library, University of Rajshahi Central Library, University of Rajshahi   17/04/2003 Mour, Dhaka. 275.00   B 378.54922 RAG 2001 13/11/2016 C-5 Books
  Dewey Decimal Classification   Not For Loan Non-fiction Central Library, University of Rajshahi Central Library, University of Rajshahi Reading Room 17/04/2003 Mour, Dhaka 275.00   B 378.54922 RAG 2001 29/12/2016 C-1 Books